000 01015pam a2200301 a 4500
001 1086409
003 NUST - PNEC
005 20170116181004.0
008 920128s1992 ilua 001 0 eng
010 _a 92005895
020 _a0028005945 (hardcover)
040 _cLIBRARY
082 0 0 _a621.3916 MAL
100 1 _aMalvino, Albert Paul.
245 1 0 _aDigital computer electronics /
_cAlbert Paul Malvino, Jerald A. Brown.
250 _a3rd ed.
260 _aLake Forest, Ill. :
_bGlencoe,
_cc1993.
300 _avi, 522 p. :
_bill. ;
_c29 cm.
500 _aIncludes index.
650 0 _aElectronic digital computers.
_xEL
650 0 _aMicrocomputers.
650 0 _aIntel 8085 (Microprocessor)
700 1 _aBrown, Jerald A.
856 4 2 _3Publisher description
_uhttp://www.loc.gov/catdir/description/mh031/92005895.html
906 _a7
_bcbc
_corignew
_d1
_eocip
_f19
_gy-gencatlg
942 _2ddc
_cBK
999 _c66813
_d66813